Biggest Coastal City of Every Coastal Country - Statistics

General Stats
  • This quiz has been taken 1,822 times
    1,788 since last reset
  • The average score is 97 of 151
Answer Stats
Country Population Biggest coastal city % Correct
Australia 5 300 000 Sydney
96%
Algeria 3 975 000 Algiers
95%
Argentina 16 400 000 Buenos Aires
95%
Brazil 13 200 000 Rio de Janeiro
94%
Denmark 1 680 000 Copenhagen
91%
Cuba 2 225 000 Havana
90%
Japan 40 400 000 Tokyo
90%
Finland 1 300 000 Helsinki
89%
Indonesia 31 300 000 Jakarta
89%
Canada 2 875 000 Vancouver
89%
Egypt 5 800 000 Alexandria
88%
Greece 3 350 000 Athens
88%
Ireland 1 390 000 Dublin
88%
Peru 10 100 000 Lima
88%
Angola 8 150 000 Luanda
88%
Italy 4 225 000 Naples
88%
Bahamas 274 000 Nassau
88%
United States 22 100 000 New York
88%
Norway 1 190 000 Oslo
88%
Spain 4 775 000 Barcelona
87%
Venezuela 781 000 Barcelona
87%
Turkey 16 000 000 Istanbul
87%
Portugal 2 475 000 Lisbon
87%
Philippines 25 700 000 Manila
87%
France 1 660 000 Marseille
87%
India 25 100 000 Mumbai
87%
Sweden 2 225 000 Stockholm
87%
Israel 2 700 000 Tel Aviv
87%
South Africa 4 225 000 Cape Town
86%
United Arab Emirates 5 350 000 Dubai
86%
China 46 700 000 Guangzhou
86%
Jamaica 585 000 Kingston
86%
Saint Vincent and the Grenadines 27 000 Kingstown
86%
Kuwait 4 750 000 Kuwait
86%
Nigeria 19 400 000 Lagos
86%
Monaco 38 000 Monaco
86%
Panama 1 540 000 Panama
86%
Haiti 3 225 000 Port-au-Prince
86%
Iceland 223 000 Reykjavik
86%
Latvia 632 000 Riga
86%
Netherlands 3 250 000 Rotterdam
86%
Russia 5 650 000 Saint Petersburg
86%
South Korea 24 800 000 Seoul
86%
Singapore 7 900 000 Singapore
86%
Taiwan 9 150 000 Taipei
86%
New Zealand 1 410 000 Auckland
85%
Thailand 18 800 000 Bangkok
85%
Lebanon 1 750 000 Beirut
85%
Qatar 2 425 000 Doha
85%
Libya 1 250 000 Tripoli
85%
Tunisia 2 675 000 Tunis
85%
Estonia 435 000 Tallinn
84%
Morocco 4 475 000 Casablanca
83%
Djibouti 570 000 Djibouti
83%
Malaysia 8 900 000 Kuala Lumpur
83%
Uruguay 1 860 000 Montevideo
83%
Dominican Republic 4 000 000 Santo Domingo
83%
United Kingdom 1 880 000 Liverpool
82%
Senegal 3 725 000 Dakar
81%
Pakistan 17 800 000 Karachi
81%
Ghana 5 100 000 Accra
80%
Sri Lanka 4 750 000 Colombo
80%
Bahrain 1 530 000 Manama
80%
Somalia 1 940 000 Mogadishu
79%
Oman 1 430 000 Muscat
79%
Ukraine 1 100 000 Odessa
79%
Malta 355 000 Valletta
79%
Poland 1 098 000 Gdansk
78%
Guyana 201 000 Georgetown
78%
Liberia 1 590 000 Monrovia
78%
Tanzania 6 450 000 Dar es Salaam
77%
East Timor 245 000 Dili
77%
Maldives 127 000 Malé
77%
Saudi Arabia 4 950 000 Jeddah
76%
Croatia 345 000 Split
76%
Sierra Leone 1 790 000 Freetown
75%
Papua New Guinea 364 000 Port Moresby
75%
Guinea-Bissau 492 000 Bissau
74%
Brunei 280 000 Bandar Seri Begawan
72%
Fiji 186 000 Suva
72%
Mozambique 2 275 000 Maputo
71%
São Tomé and Principe 67 000 São Tomé
71%
Barbados 110 000 Bridgetown
70%
Côte d'Ivoire 5 600 000 Abidjan
69%
Belize 64 000 Belize
69%
Kenya 1 220 000 Mombasa
69%
Bangladesh 4 925 000 Chittagong
68%
Guinea 2 525 000 Conakry
67%
Gabon 704 000 Libreville
67%
Togo 2 100 000 Lomé
67%
Suriname 241 000 Paramaribo
67%
Seychelles 26 000 Victoria
67%
Antigua and Barbuda 22 000 Saint John's
66%
Cape Verde 160 000 Praia
65%
Gambia 1 000 000 Banjul
64%
Samoa 69 000 Apia
63%
Mauritania 1 270 000 Nouakchott
62%
Mauritius 147 000 Port Louis
60%
Dominica 15 000 Roseau
60%
Bulgaria 420 000 Varna
60%
Belgium 256 000 Bruges
59%
Grenada 34 000 Saint George's
58%
Saint Lucia 22 000 Castries
56%
Germany 325 000 Kiel
56%
Comoros 54 000 Moroni
56%
Benin 1 830 000 Cotonou
55%
Colombia 2 100 000 Barranquilla
54%
Solomon Islands 85 000 Honiara
54%
Yemen 800 000 Aden
53%
Cameroon 3 375 000 Douala
52%
Vanuatu 51 000 Port Vila
52%
Chile 1 020 000 Valparaiso
52%
Saint Kitts and Nevis 11 000 Basseterre
51%
Tonga 35 000 Nuku'alofa
51%
Mexico 1 970 000 Tijuana
51%
Nauru 11 000 Yaren
51%
Tuvalu 6 000 Funafuti
50%
Sudan 395 000 Port Sudan
50%
Kiribati 50 000 South Tarawa
50%
Albania 201 000 Durrës
49%
Cyprus 187 000 Limassol
46%
Marshall Islands 28 000 Majuro
46%
Romania 426 000 Constanta
40%
Vietnam 1 010 000 Da Nang
40%
Georgia 166 000 Batumi
34%
Lithuania 205 000 Klaipeda
34%
Jordan 148 000 Aqaba
33%
R. of the Congo 1 180 000 Pointe-Noire
29%
Namibia 62 000 Walvis Bay
25%
Equatorial Guinea 290 000 Bata
21%
Slovenia 26 000 Koper
20%
Palau 10 000 Koror
20%
Syria 424 000 Latakia
20%
Bosnia and Herzegovina 3 000 Neum
20%
Iran 527 000 Bandar Abbas
15%
North Korea 704 000 Hamhung
15%
Montenegro 20 000 Herceg Novi
9%
Cambodia 90 000 Sihanoukville
9%
Madagascar 327 000 Toamasina
8%
Micronesia 14 000 Weno
8%
Honduras 196 000 La Ceiba
7%
Trinidad and Tobago 83 000 San Fernando
7%
Ecuador 246 000 Machala
6%
Eritrea 53 000 Massawa
6%
Costa Rica 122 000 Puntarenas
6%
Guatemala 101 000 Puerto Barrios
5%
Iraq 36 000 Fao
4%
D. R. of the Congo 90 000 Moanda
4%
El Salvador 52 000 Acajutla
3%
Nicaragua 39 000 Puerto Cabezas
3%
Myanmar 115 000 Myeik
2%
No matching quizzes found
Score Distribution
Percent of People with Each Score
Percentile by Number Answered
Your Score History
You have not taken this quiz since the last reset